Регионална библиотека "Любен Каравелов" - Русе

Практическая грамматика русского языка (Запис номер 99523)

MARC детайли
000 -Лидер
Контролно поле с фиксирана дължина 01528nam a2200373 c 4500
003 - Код на организацията, давaща контролен номер
Контролно поле BLK
005 - Дата и час на последна редакция
Контролно поле 20180816100050.0
008 - Елементи от данни с фиксирана дължина
fixed length control field 180409b bul|||||r ||||||| ||bul||
010 ## - Наследен системен номер
LC control number KNG00104531000
020 ## - Международен стандартен номер на книга ISBN
Международен стандартен номер на книга ISBN 954-302-003-5
-- издат.: Велес - на том(ч. 2)
040 ## - Източник на каталожния запис
Идентификатор на билиотеката - собственик на записа BLK
041 ## - Код за език
Код за езика на текст/звукозапис или на отделно заглавие Руски
Код за езика КДБФ Руски
080 ## - УДК
Текстов определител УДК Руски език
УДК код - определител по УДК 811.161.1
УДК определител -5(075.3)
УДК - код + определител 811.161.1-5(075.3)
080 ## - УДК
Текстов определител УДК Руски език - учебни предмети
УДК код - определител по УДК 373.3.016:811.161.1
УДК определител (075.2)
УДК - код + определител 373.3.016:811.161.1(075.2)
100 1# - Редна дума - Автор
Автор Ненкова, Татяна Викторовна
Авторска отговорност първи автор
R(LIN) 366611
139 ## - Редно поле
Редна дума Ненкова, Татяна Викторовна
Авторски знак Нен - Н 54
245 10 - Сведения за заглавието
Заглавие Практическая грамматика русского языка
Подзаглавни данни Ч. 1 - 2
Редно поле (дума) Татяна Викторовна Ненкова.
Том Ч. 2
Заглавие на том Синтаксис
257 ## - Страна на издаване
Страна на създаване/издаване България
260 ## - Област на издателските данни
-- София
Година на издаване 2002
Печатница София : Симолини 94
300 ## - Физическа характеристика
Размери/Мащаб 23 см
380 ## - Жанр
Жанр Езикознание. Филология
500 ## - Общи забележки
Забележка Офс. изд.
650 #4 - Допълнително описание по предмет – тема
Основно описание – тема или топоним Руски език - граматика
9 (RLIN) 252416
653 ## - Ключова дума – ненормативна
Ключова дума руски език
653 ## - Ключова дума – ненормативна
Ключова дума учебни помагала
653 ## - Ключова дума – ненормативна
Ключова дума граматика
653 ## - Ключова дума – ненормативна
Ключова дума синтаксис
760 1# - Описание на основната серия
-- - на том(ч. 2)
Редна дума на основното описание Ненкова, Татяна Викторовна
Място на издаване, издател и година Велес, 2002
Страници - том 192 с.
Заглавие Ч. 2 Синтаксис
852 ## - Местоположение
Форматна сигнатура Цб 213330
856 4# - Електронен адрес и достъп
Електронен формат pdf - файл
Път до файла /url/
856 4# - Електронен адрес и достъп
Електронен формат pdf - файл
Път до файла /url/
942 ## - АРТИКУЛИ
Вид на библиотечния материал Книги
Скрит в OPAC Не
Koha issues (borrowed), all copies 1
944 ## - СЪЗДАВАНЕ И РЕДАКЦИЯ на ЗАПИСА
Създаване/Редакция Създаване
Дата на регистрацията/редакция 01.01.2002
Служител, извършил регистрацията/редакцията Валя_Йорданова
944 ## - СЪЗДАВАНЕ И РЕДАКЦИЯ на ЗАПИСА
Създаване/Редакция Редакция
Дата на регистрацията/редакция 21.02.2008
Служител, извършил регистрацията/редакцията
999 ## - СИСТЕМНИ КОНТРОЛНИ НОМЕРА
Koha biblionumber 99523
Koha biblioitemnumber 99523
Наличности
Код за отписване Код за изгубен артикул Код за повреда Коз за рестрикции Код за отдаване Артикулен № Име на библиотеката - собственик Име на библиотеката, в която се намира в момента Статус (Текущо местоположение) Дата на вписване в системата Местоположение - отдел Цена в лева Инвентарен номер Систематично азбучна сигнатура Баркод Номер на екземпляра Цена в евро Служебна бележка Служебен тип на артикула Източник на класификационната схема
  Не е изгубен Не е повреден без рестрикции заемане за дома 160314 Регионална библиотека "Любен Каравелов" Русе Регионална библиотека "Любен Каравелов" Русе ЧЧЗО - англ. ез. - Британски съвет 2002-12-05 ЧЧЗО - англ. ез. - Британски съвет 6.00 120000673633 Ч3 808.2-5/Н 54 120000673633 1 3.07 Дост: Pk Вид: Ф N: 43 Дата: 04.12.2002 Дата инв: 20.03.2015 Бележки инв: Ч32015 Книги  
  Не е изгубен Не е повреден без рестрикции заемане за дома 160315 Регионална библиотека "Любен Каравелов" Русе Регионална библиотека "Любен Каравелов" Русе ЧЧЗО - англ. ез. - Британски съвет 2002-12-17 ЧЧЗО - англ. ез. - Британски съвет 6.00 120000674051 Ч3 808.2-5/Н 54 120000674051 2 3.07 Дост: Pk Вид: Ф N: 47 Дата: 16.12.2002 Дата инв: 20.03.2015 Бележки инв: Ч32015 Книги  
  Не е изгубен Не е повреден без рестрикции ползва се в читалня 160316 Регионална библиотека "Любен Каравелов" Русе Регионална библиотека "Любен Каравелов" Русе Хранилище 2004-06-24 Хранилище 6.00 120000686456 Цб 213330 120000686456 3 3.07 Дост: Dp Вид: Д N: 34 Дата: 13.08.2003 Книги  
  Не е изгубен Не е повреден без рестрикции заемане за дома 160317 Регионална библиотека "Любен Каравелов" Русе Регионална библиотека "Любен Каравелов" Русе Заемна - подръчен фонд 2008-02-21 Заемна - подръчен фонд 9.00 120000723703 811/Н 54 Т 120000723703 4 4.60 Дост: Pk Вид: Ф N: 15507 Дата: 06.02.2008 Дата инв: 08.02.2018 Бележки инв: П2018 Книги Universal Decimal Classification
Vip Innovations Ltd, Rousse, Bulgaria 2025